[Event "SVK-chT2C 1516"]
[Site "Slovakia"]
[Date "2015.12.06"]
[Round "6.5"]
[White "Paluch, Jozef"]
[Black "Medvec, Miroslav"]
[Result "1-0"]
[WhiteElo "2017"]
[BlackElo "1967"]
[PlyCount "57"]
[EventDate "2015.10.17"]
[EventType "team-tourn"]
[EventRounds "11"]
[EventCountry "SVK"]
[SourceTitle "CBM 169 Extra"]
[Source "ChessBase"]
[SourceDate "2015.12.18"]
[SourceVersion "1"]
[SourceVersionDate "2015.12.18"]
[SourceQuality "1"]
[WhiteTeam "Zilina"]
[BlackTeam "Liptov Chess School III"]
[WhiteTeamCountry "SVK"]
[BlackTeamCountry "SVK"]

1. e4 c5 2. Nc3 g6 3. Nf3 Bg7 4. d4 cxd4 5. Nxd4 Nc6 6. Be3 Nf6 7. Bc4 0-0 8. Bb3 a5 9. f3 d6 10. Qd2 Bd7 11. g4 Nxd4 12. Bxd4 a4 13. g5 axb3 14. gxf6 Bxf6 15. Bxf6 exf6 16. cxb3 Ra6 17. 0-0-0 Qc7 18. Kb1 Rfa8 19. a3 Be6 20. b4 Qc4 21. Nd5 f5 22. Rc1 Qb3 23. Rc3 Qa4 24. Nc7 fxe4 25. fxe4 d5 26. Nxa8 Rxa8 27. exd5 Bf5+ 28. Ka1 Qxb4 29. Rc8+ 1-0

[Event "SVK-chT2C 1516"]
[Site "Slovakia"]
[Date "2015.10.17"]
[Round "1.7"]
[White "Paluch, Jozef"]
[Black "Listiak, Juraj"]
[Result "0-1"]
[WhiteElo "2017"]
[BlackElo "1976"]
[PlyCount "124"]
[EventDate "2015.10.17"]
[EventType "team-tourn"]
[EventRounds "11"]
[EventCountry "SVK"]
[SourceTitle "CBM 169 Extra"]
[Source "ChessBase"]
[SourceDate "2015.12.18"]
[SourceVersion "1"]
[SourceVersionDate "2015.12.18"]
[SourceQuality "1"]
[WhiteTeam "Zilina"]
[BlackTeam "Banska Bystrica Kurta"]
[WhiteTeamCountry "SVK"]
[BlackTeamCountry "SVK"]

1. e4 e6 2. d4 d5 3. Nd2 dxe4 4. Nxe4 Bd7 5. Nf3 Bc6 6. Bd3 Nd7 7. Qe2 Be7 8. Ne5 Nxe5 9. dxe5 Qd4 10. Nc3 Bb4 11. Bd2 Ne7 12. 0-0-0 0-0-0 13. f3 Nd5 14. Nxd5 Bxd2+ 15. Rxd2 Rxd5 16. Be4 Qxd2+ 17. Qxd2 Rxd2 18. Kxd2 Rd8+ 19. Ke3 Bb5 20. c3 h6 21. f4 c5 22. g3 Kc7 23. Bc2 g5 24. fxg5 hxg5 25. h4 Rd5 26. h5 Rxe5+ 27. Kd2 Rd5+ 28. Ke3 Rd8 29. h6 Rh8 30. h7 Kd6 31. Rh5 f6 32. Bg6 Ke7 33. Rh2 Be8 34. Be4 f5 35. Bxb7 Bg6 36. b4 cxb4 37. cxb4 Rxh7 38. Rd2 Kf6 39. Bg2 Rc7 40. b5 Ke5 41. Bc6 Rh7 42. a4 f4+ 43. gxf4+ gxf4+ 44. Kf3 Rh3+ 45. Kf2 Ra3 46. Rb2 Kd6 47. Rd2+ Kc5 48. Re2 Bf5 49. Bd7 Kd6 50. Rd2+ Ke7 51. Bc6 e5 52. Re2 Kf6 53. Rb2 e4 54. b6 axb6 55. Rxb6 Ra2+ 56. Ke1 Kg5 57. Rb5 Kg4 58. Rb1 f3 59. Rb4 Kf4 60. Kf1 Bh3+ 61. Kg1 f2+ 62. Kh2 f1Q+ 0-1

[Event "SVK-chT2C 1314"]
[Site "Slovakia"]
[Date "2014.01.12"]
[Round "6.6"]
[White "Tropp, Frantisek"]
[Black "Paluch, Jozef"]
[Result "1-0"]
[WhiteElo "2091"]
[BlackElo "1988"]
[PlyCount "145"]
[EventDate "2013.10.19"]
[EventType "team-tourn"]
[EventRounds "11"]
[EventCountry "SVK"]
[SourceTitle "EXT 2015"]
[Source "ChessBase"]
[SourceDate "2014.11.20"]
[SourceVersion "1"]
[SourceVersionDate "2014.11.20"]
[SourceQuality "1"]
[WhiteTeam "Liptov Chess School II"]
[BlackTeam "Zilina DMS"]
[WhiteTeamCountry "SVK"]
[BlackTeamCountry "SVK"]

1. e4 d5 2. exd5 Nf6 3. Bb5+ Bd7 4. Be2 Nxd5 5. d4 g6 6. Nf3 Bg7 7. 0-0 0-0 8. h3 Re8 9. c4 Nf6 10. Nc3 Bf5 11. Be3 Ne4 12. Qb3 Nxc3 13. bxc3 Bc8 14. c5 Nc6 15. Ng5 Rf8 16. Rad1 h6 17. Nf3 b6 18. d5 Na5 19. Qa3 Nb7 20. c4 Nxc5 21. Bxc5 bxc5 22. Qxc5 Qd6 23. Qa5 Qb6 24. Qa3 Bf5 25. Bd3 Bxd3 26. Rxd3 e6 27. c5 Qb5 28. dxe6 fxe6 29. Re1 a5 30. Rxe6 Qb1+ 31. Kh2 g5 32. Rd7 Qb4 33. Qd3 Qf4+ 34. Kh1 Rf7 35. c6 Rb8 36. Rd8+ Rxd8 37. Qxd8+ Rf8 38. Qd7 Rf7 39. Qd5 Qc1+ 40. Re1 Qf4 41. Qxa5 Bf8 42. Qd5 Kg7 43. Qe5+ Qxe5 44. Rxe5 Rf6 45. Re2 Rxc6 46. g3 Bd6 47. Kg2 Kf6 48. g4 Rc4 49. Nd2 Ra4 50. Ne4+ Kf7 51. Nc3 Ra5 52. Nd1 Bf4 53. Nc3 Rc5 54. Ne4 Rc4 55. Kf3 Ra4 56. Rc2 Ra3+ 57. Ke2 Ra4 58. f3 Ke7 59. Kf2 Ra3 60. Ke2 Re3+ 61. Kf2 Ra3 62. Nc3 c6 63. Ne4 Kd7 64. Nf6+ Kd6 65. Ng8 c5 66. Nxh6 Kd5 67. Nf5 c4 68. Ke2 Kc5 69. h4 gxh4 70. Nxh4 Re3+ 71. Kf2 c3 72. Ng2 Rd3 73. Nxf4 1-0

[Event "SVK-chT2C 1314"]
[Site "Slovakia"]
[Date "2013.10.19"]
[Round "1.5"]
[White "Staffen, Richard"]
[Black "Paluch, Jozef"]
[Result "0-1"]
[WhiteElo "1978"]
[BlackElo "1988"]
[PlyCount "30"]
[EventDate "2013.10.19"]
[EventType "team-tourn"]
[EventRounds "11"]
[EventCountry "SVK"]
[SourceTitle "EXT 2015"]
[Source "ChessBase"]
[SourceDate "2014.11.20"]
[SourceVersion "1"]
[SourceVersionDate "2014.11.20"]
[SourceQuality "1"]
[WhiteTeam "Zilina Mladost II"]
[BlackTeam "Zilina DMS"]
[WhiteTeamCountry "SVK"]
[BlackTeamCountry "SVK"]

1. d4 Nf6 2. c4 e6 3. Nc3 Bb4 4. Qc2 c5 5. a3 Qa5 6. axb4 Qxa1 7. Nb5 Na6 8. Nd6+ Ke7 9. bxc5 b6 10. Nxc8+ Rhxc8 11. cxb6 axb6 12. e3 Nb4 13. Qd1 d5 14. b3 Ne4 15. Ne2 Ra2 0-1

[Event "Zilina Region-ch"]
[Site "Zilina"]
[Date "2012.05.05"]
[Round "3"]
[White "Klochan, Peter"]
[Black "Paluch, Jozef"]
[Result "0-1"]
[WhiteElo "1694"]
[BlackElo "2015"]
[PlyCount "54"]
[EventDate "2012.05.04"]
[EventType "swiss"]
[EventRounds "7"]
[EventCountry "SVK"]
[SourceTitle "CBM 148 Extra"]
[Source "ChessBase"]
[SourceDate "2012.06.22"]
[SourceVersion "1"]
[SourceVersionDate "2012.06.22"]
[SourceQuality "1"]

1. f4 d5 2. c4 Nf6 3. e3 Bg4 4. Nf3 e6 5. d4 Bb4+ 6. Bd2 Bxd2+ 7. Nbxd2 0-0 8. h3 Bxf3 9. Qxf3 Nbd7 10. c5 b6 11. b4 c6 12. Bd3 a5 13. cxb6 axb4 14. Nb3 Qxb6 15. 0-0 c5 16. dxc5 Nxc5 17. Nxc5 Qxc5 18. Rfc1 Qb6 19. Bc2 Rfc8 20. Bb3 Rc3 21. Rxc3 bxc3 22. Rc1 Ne4 23. f5 Nd2 24. Qf2 Nxb3 25. Rxc3 Nc5 26. Qc2 Nd7 27. fxe6 fxe6 0-1

[Event "Zilina Region-ch"]
[Site "Zilina"]
[Date "2012.05.04"]
[Round "1"]
[White "Soltys, Peter"]
[Black "Paluch, Jozef"]
[Result "0-1"]
[WhiteElo "1881"]
[BlackElo "2015"]
[PlyCount "88"]
[EventDate "2012.05.04"]
[EventType "swiss"]
[EventRounds "7"]
[EventCountry "SVK"]
[SourceTitle "CBM 148 Extra"]
[Source "ChessBase"]
[SourceDate "2012.06.22"]
[SourceVersion "1"]
[SourceVersionDate "2012.06.22"]
[SourceQuality "1"]

1. e4 d5 2. exd5 Qxd5 3. Nc3 Qa5 4. Nf3 Nf6 5. d4 Bg4 6. Be2 Nc6 7. 0-0 0-0-0 8. Be3 e5 9. Ng5 Bxe2 10. Nxe2 exd4 11. Nxf7 dxe3 12. Nxd8 exf2+ 13. Kh1 Nxd8 14. Rxf2 Bc5 15. Rf5 Ne6 16. Qf1 Qa6 17. Nf4 Qxf1+ 18. Rxf1 Nxf4 19. Rxc5 N4d5 20. Re1 Rd8 21. h3 b6 22. Rc6 Rd7 23. a3 Nf4 24. Rf1 Kb7 25. Rxf6 gxf6 26. Rxf4 Rd2 27. Rc4 c5 28. b4 cxb4 29. axb4 a5 30. b5 Rd1+ 31. Kh2 Rb1 32. Rd4 Rxb5 33. Rd7+ Kc6 34. Rxh7 a4 35. Re7 a3 36. Re1 a2 37. Ra1 Rb2 38. h4 Kd5 39. c3 Kc4 40. h5 Kb3 41. h6 Rd2 42. Rf1 Rd7 43. Kg3 Kxc3 44. Kh4 b5 0-1

[Event "SVK-chT2C 1112"]
[Site "Slovakia"]
[Date "2011.12.03"]
[Round "5.7"]
[White "Paluch, Jozef"]
[Black "Halamova, Maria"]
[Result "1/2-1/2"]
[WhiteElo "2022"]
[BlackElo "1694"]
[PlyCount "50"]
[EventDate "2011.10.08"]
[EventType "team-tourn"]
[EventRounds "11"]
[EventCountry "SVK"]
[SourceTitle "EXT 2013"]
[Source "ChessBase"]
[SourceDate "2012.11.22"]
[SourceVersion "1"]
[SourceVersionDate "2012.11.22"]
[SourceQuality "1"]
[WhiteTeam "Zilina DMS"]
[BlackTeam "Zilina Mladost II"]
[WhiteTeamCountry "SVK"]
[BlackTeamCountry "SVK"]

1. g3 d5 2. Bg2 e5 3. d4 e4 4. c4 Bb4+ 5. Nc3 c6 6. Qb3 Bxc3+ 7. bxc3 b6 8. Nh3 Ba6 9. cxd5 cxd5 10. Ba3 Qd7 11. Nf4 Bc4 12. Qb4 Nf6 13. Bh3 Qc7 14. e3 Nc6 15. Qa4 b5 16. Qc2 a5 17. Ne2 b4 18. cxb4 axb4 19. Bb2 Rxa2 20. Rxa2 Bxa2 21. Qa4 Bc4 22. Qa8+ Nd8 23. Qa4+ Nc6 24. Qa8+ Nd8 25. Qa4+ Nc6 1/2-1/2

[Event "SVK-chT2C 1112"]
[Site "Slovakia"]
[Date "2011.11.05"]
[Round "3.8"]
[White "Misecka, Kamil"]
[Black "Paluch, Jozef"]
[Result "1-0"]
[WhiteElo "1674"]
[BlackElo "2022"]
[PlyCount "89"]
[EventDate "2011.10.08"]
[EventType "team-tourn"]
[EventRounds "11"]
[EventCountry "SVK"]
[SourceTitle "EXT 2013"]
[Source "ChessBase"]
[SourceDate "2012.11.22"]
[SourceVersion "1"]
[SourceVersionDate "2012.11.22"]
[SourceQuality "1"]
[WhiteTeam "Jelsava"]
[BlackTeam "Zilina DMS"]
[WhiteTeamCountry "SVK"]
[BlackTeamCountry "SVK"]

1. e4 d5 2. exd5 Nf6 3. d4 Nxd5 4. c4 Nb6 5. Nf3 Bg4 6. c5 N6d7 7. Qb3 Bxf3 8. Qxf3 Nc6 9. Bc4 e6 10. Be3 Qf6 11. Qxf6 Nxf6 12. Nc3 0-0-0 13. 0-0-0 Be7 14. d5 Na5 15. Be2 Nxd5 16. Nxd5 Rxd5 17. Rxd5 exd5 18. Rd1 Rd8 19. Bf3 c6 20. Bg4+ Kb8 21. Bf4+ Ka8 22. Bc7 Rf8 23. Bxa5 Bxc5 24. f3 f5 25. Bh3 b6 26. Bc3 Rf7 27. Re1 d4 28. b4 Bd6 29. Bxd4 Bxb4 30. Re6 Kb7 31. g4 fxg4 32. fxg4 Ba3+ 33. Kc2 c5 34. Bg2+ Ka6 35. Be3 Bb4 36. Kb3 Ka5 37. a3 c4+ 38. Kxc4 Bxa3 39. Kb3 Bb4 40. Re5+ b5 41. Bc6 a6 42. Bg5 Rf8 43. Re8 Rxe8 44. Bxe8 Bd6 45. Bd8+ 1-0

[Event "SVK-chT2C 0910"]
[Site "Slovakia"]
[Date "2010.02.28"]
[Round "11.7"]
[White "Paluch, Jozef"]
[Black "Hyll, Jan"]
[Result "1-0"]
[WhiteElo "2006"]
[BlackElo "1960"]
[PlyCount "97"]
[EventDate "2009.10.10"]
[EventType "team-tourn"]
[EventRounds "11"]
[EventCountry "SVK"]
[SourceTitle "EXT 2011"]
[Source "ChessBase"]
[SourceDate "2010.11.26"]
[SourceVersion "1"]
[SourceVersionDate "2010.11.26"]
[SourceQuality "1"]
[WhiteTeam "Zilina DMS"]
[BlackTeam "Martin Medea"]
[WhiteTeamCountry "SVK"]
[BlackTeamCountry "SVK"]

1. g3 d5 2. Bg2 Nf6 3. c4 c6 4. b3 dxc4 5. bxc4 Bf5 6. Nf3 Nbd7 7. 0-0 h6 8. Bb2 e6 9. d3 Be7 10. Nbd2 0-0 11. Qc2 Nc5 12. a4 Nxd3 13. exd3 Bxd3 14. Qb3 Bxf1 15. Nxf1 Qb6 16. Qc2 Rfd8 17. Rb1 Qc7 18. Be5 Qc8 19. Qb2 Rd7 20. Bc3 Ne8 21. Ne5 Rc7 22. Ba5 b6 23. Bc3 Rb8 24. Qe2 f6 25. Ng6 e5 26. Qh5 Qe6 27. Ne3 Rd8 28. Nxe7+ Rxe7 29. Be4 Nd6 30. Rd1 Red7 31. Bxc6 Nf7 32. Bxd7 Rxd7 33. Rxd7 Qxd7 34. Qd1 Qc6 35. a5 Ng5 36. Qd5+ Qxd5 37. cxd5 bxa5 38. Bxa5 Kf7 39. h4 Ne4 40. Bb4 Ke8 41. Kg2 Kd7 42. Kf3 Nd6 43. Bxd6 Kxd6 44. Ke4 g6 45. Nc4+ Kc5 46. d6 Kc6 47. h5 gxh5 48. Kf5 a5 49. Kxf6 1-0

[Event "SVK-chT2C 0910"]
[Site "Slovakia"]
[Date "2010.02.06"]
[Round "8.6"]
[White "Paluch, Jozef"]
[Black "Feco, Jan"]
[Result "1-0"]
[WhiteElo "2006"]
[BlackElo "1942"]
[PlyCount "89"]
[EventDate "2009.10.10"]
[EventType "team-tourn"]
[EventRounds "11"]
[EventCountry "SVK"]
[SourceTitle "EXT 2011"]
[Source "ChessBase"]
[SourceDate "2010.11.26"]
[SourceVersion "1"]
[SourceVersionDate "2010.11.26"]
[SourceQuality "1"]
[WhiteTeam "Zilina DMS"]
[BlackTeam "Jelsava"]
[WhiteTeamCountry "SVK"]
[BlackTeamCountry "SVK"]

1. g3 g6 2. Bg2 Bg7 3. c4 e5 4. Nc3 Nf6 5. Nf3 Nc6 6. 0-0 0-0 7. d3 a6 8. Bg5 h6 9. Bd2 d6 10. Rb1 Nh5 11. b4 Ne7 12. b5 a5 13. b6 c6 14. e4 Bd7 15. Be3 c5 16. Nb5 Bxb5 17. Rxb5 Nf6 18. Qd2 Ng4 19. Rxa5 Qxb6 20. Rb5 Qc7 21. Qb2 Nxe3 22. fxe3 Ra7 23. Nd2 Nc6 24. a3 Rfa8 25. Nb1 h5 26. Nc3 Ne7 27. Rb3 Qd8 28. Bh3 Bh6 29. Qf2 f5 30. exf5 gxf5 31. Bxf5 Nxf5 32. Qxf5 Bxe3+ 33. Kh1 b6 34. Nd5 Bg5 35. Rxb6 Rg7 36. Qe6+ Kh7 37. Rxd6 Qb8 38. Rd7 Ra7 39. Qf5+ Kh6 40. Rxa7 Qxa7 41. h4 Bd8 42. Qxe5 Qd7 43. Rf5 Rh7 44. Rxh5+ Kg6 45. Nf4+ 1-0

[Event "SVK-chT2C 0910"]
[Site "Slovakia"]
[Date "2009.12.12"]
[Round "5.7"]
[White "Paur, Dusan"]
[Black "Paluch, Jozef"]
[Result "1-0"]
[WhiteElo "1961"]
[BlackElo "2006"]
[PlyCount "37"]
[EventDate "2009.10.10"]
[EventType "team-tourn"]
[EventRounds "11"]
[EventCountry "SVK"]
[SourceTitle "EXT 2011"]
[Source "ChessBase"]
[SourceDate "2010.11.26"]
[SourceVersion "1"]
[SourceVersionDate "2010.11.26"]
[SourceQuality "1"]
[WhiteTeam "Zilina Central"]
[BlackTeam "Zilina DMS"]
[WhiteTeamCountry "SVK"]
[BlackTeamCountry "SVK"]

1. e4 g6 2. d4 Bg7 3. Nf3 Nf6 4. e5 Nd5 5. c4 Nb6 6. Be2 d6 7. exd6 cxd6 8. 0-0 0-0 9. Nc3 Nc6 10. Be3 Bg4 11. b3 e5 12. dxe5 dxe5 13. Rc1 f5 14. Ng5 Bxe2 15. Qxe2 Qf6 16. Nd5 Nxd5 17. cxd5 Ne7 18. Ne6 Rf7 19. Bg5 1-0

[Event "SVK-chT2C 0910"]
[Site "Slovakia"]
[Date "2009.10.11"]
[Round "2.6"]
[White "Paluch, Jozef"]
[Black "Mrazova, Monika"]
[Result "1-0"]
[WhiteElo "2006"]
[BlackElo "1804"]
[PlyCount "29"]
[EventDate "2009.10.10"]
[EventType "team-tourn"]
[EventRounds "11"]
[EventCountry "SVK"]
[SourceTitle "EXT 2011"]
[Source "ChessBase"]
[SourceDate "2010.11.26"]
[SourceVersion "1"]
[SourceVersionDate "2010.11.26"]
[SourceQuality "1"]
[WhiteTeam "Zilina DMS"]
[BlackTeam "Liptov Chess School II"]
[WhiteTeamCountry "SVK"]
[BlackTeamCountry "SVK"]

1. g3 d5 2. Bg2 e5 3. d4 e4 4. c4 c6 5. Nc3 Nf6 6. Bg5 Bb4 7. e3 h6 8. Bxf6 Qxf6 9. Nge2 Bg4 10. Qb3 Qd6 11. cxd5 cxd5 12. Nf4 Be6 13. 0-0 Nc6 14. Ncxd5 Na5 15. Qxb4 1-0

[Event "SVK-chT2C 0809"]
[Site "Slovakia"]
[Date "2008.12.07"]
[Round "6.6"]
[White "Hanuliak, Stanislav"]
[Black "Paluch, Jozef"]
[Result "1-0"]
[WhiteElo "2083"]
[BlackElo "1973"]
[PlyCount "111"]
[EventDate "2008.10.11"]
[EventType "team-tourn"]
[EventRounds "11"]
[EventCountry "SVK"]
[SourceTitle "EXT 2010"]
[Source "ChessBase"]
[SourceDate "2010.11.25"]
[SourceVersion "1"]
[SourceVersionDate "2010.11.25"]
[SourceQuality "1"]
[WhiteTeam "Zilina Mladost II"]
[BlackTeam "Zilina DMS"]
[WhiteTeamCountry "SVK"]
[BlackTeamCountry "SVK"]

1. d4 Nf6 2. c4 e5 3. dxe5 Ng4 4. Bf4 Nc6 5. Nf3 Bb4+ 6. Nbd2 Qe7 7. a3 Ngxe5 8. Nxe5 Nxe5 9. e3 Bxd2+ 10. Qxd2 d6 11. Be2 Be6 12. Qc3 f6 13. Rc1 Ng6 14. Bg3 0-0 15. 0-0 f5 16. Rfe1 Rad8 17. Qd4 b6 18. Bh5 c5 19. Qc3 d5 20. cxd5 Bxd5 21. Be2 Qf6 22. Qxf6 gxf6 23. b4 cxb4 24. axb4 Rfe8 25. Bc7 Rc8 26. Ba6 Ra8 27. Red1 Ne7 28. Rxd5 Nxd5 29. Bc4 Rac8 30. Bxd5+ Kg7 31. Bb7 Kf7 32. Bxc8 Rxc8 33. f3 Ke6 34. e4 fxe4 35. fxe4 a5 36. bxa5 bxa5 37. Bf4 Ra8 38. Rc6+ Kd7 39. Rc7+ Ke6 40. Rc6+ Kf7 41. Kf2 a4 42. Be3 a3 43. Rc7+ Ke6 44. Ra7 Rxa7 45. Bxa7 f5 46. exf5+ Kxf5 47. Ke3 a2 48. Bd4 Kg4 49. Ke4 h6 50. Be5 Kg5 51. h3 Kh4 52. Kf4 Kh5 53. g3 Kg6 54. g4 h5 55. h4 Kh6 56. gxh5 1-0

[Event "SVK-chT2C 0809"]
[Site "Slovakia"]
[Date "2008.11.08"]
[Round "3.5"]
[White "Paluch, Jozef"]
[Black "Motycakova, Monika"]
[Result "0-1"]
[WhiteElo "1973"]
[BlackElo "2037"]
[PlyCount "82"]
[EventDate "2008.10.11"]
[EventType "team-tourn"]
[EventRounds "11"]
[EventCountry "SVK"]
[SourceTitle "EXT 2010"]
[Source "ChessBase"]
[SourceDate "2010.11.25"]
[SourceVersion "1"]
[SourceVersionDate "2010.11.25"]
[SourceQuality "1"]
[WhiteTeam "Zilina DMS"]
[BlackTeam "Liptov SK III"]
[WhiteTeamCountry "SVK"]
[BlackTeamCountry "SVK"]

1. g3 d5 2. Bg2 Nf6 3. Nf3 c6 4. b3 Bg4 5. Bb2 Nbd7 6. c4 e6 7. 0-0 Bd6 8. d3 0-0 9. Nbd2 Qe7 10. Rc1 Rfe8 11. Rc2 h6 12. h3 Bh5 13. Qa1 Bg6 14. Ne5 Nxe5 15. Bxe5 Bxe5 16. Qxe5 Rad8 17. Nf3 Nd7 18. Qb2 Qd6 19. Rfc1 c5 20. Rd2 d4 21. Nh4 Bh7 22. Bxb7 g5 23. Ng2 f5 24. e3 dxe3 25. Nxe3 Ne5 26. d4 f4 27. Nf1 cxd4 28. c5 Qc7 29. Bg2 Nd3 30. Qc2 Nxc1 31. Qxc1 e5 32. g4 Kg7 33. f3 e4 34. fxe4 Bxe4 35. Qc4 Bxg2 36. Kxg2 Qc6+ 37. Kf2 Re4 38. b4 d3 39. Qc3+ Qf6 40. Qb3 Qd4+ 41. Kf3 Re3+ 0-1

[Event "SVK-chT2C 0708"]
[Site "Slovakia"]
[Date "2008.02.03"]
[Round "9.5"]
[White "Paluch, Jozef"]
[Black "Balint, Vladimir"]
[Result "1-0"]
[WhiteElo "2018"]
[BlackElo "1978"]
[PlyCount "80"]
[EventDate "2007.10.06"]
[EventType "team-tourn"]
[EventRounds "11"]
[EventCountry "SVK"]
[SourceTitle "EXT 2010"]
[Source "ChessBase"]
[SourceDate "2010.11.25"]
[SourceVersion "1"]
[SourceVersionDate "2010.11.25"]
[SourceQuality "1"]
[WhiteTeam "Zilina DMS"]
[BlackTeam "Martin Medea"]
[WhiteTeamCountry "SVK"]
[BlackTeamCountry "SVK"]

1. g3 d6 2. Bg2 g6 3. c4 Bg7 4. Nf3 Nf6 5. Nc3 0-0 6. 0-0 c6 7. d3 Nbd7 8. Qc2 e5 9. Bg5 h6 10. Bd2 a5 11. d4 exd4 12. Nxd4 Nc5 13. Rad1 Bd7 14. Bf4 Ne8 15. Nb3 Ne6 16. Bxd6 Nxd6 17. Rxd6 Be5 18. Rd2 Qc7 19. Rfd1 Be8 20. Ne4 c5 21. e3 Bc6 22. Nc3 Bxg2 23. Kxg2 Bxc3 24. bxc3 Qc6+ 25. e4 a4 26. Nc1 Ng5 27. Rd5 Qe6 28. Qe2 Qh3+ 29. Kh1 Rae8 30. e5 Qf5 31. f4 Ne4 32. R1d3 g5 33. Re3 gxf4 34. Rxe4 f3 35. Qd3 f2 36. Rf4 Qxd3 37. Nxd3 f6 38. Rxf2 b6 39. exf6 Rf7 40. Ne5 Rxe5 1-0

[Event "SVK-chT2C 0708"]
[Site "Slovakia"]
[Date "2008.01.12"]
[Round "7.6"]
[White "Paluch, Jozef"]
[Black "Gajdosik, Andrej"]
[Result "1-0"]
[WhiteElo "2018"]
[BlackElo "2003"]
[PlyCount "20"]
[EventDate "2007.10.06"]
[EventType "team-tourn"]
[EventRounds "11"]
[EventCountry "SVK"]
[SourceTitle "EXT 2010"]
[Source "ChessBase"]
[SourceDate "2010.11.25"]
[SourceVersion "1"]
[SourceVersionDate "2010.11.25"]
[SourceQuality "1"]
[WhiteTeam "Zilina DMS"]
[BlackTeam "Zilina Mladost juniors"]
[WhiteTeamCountry "SVK"]
[BlackTeamCountry "SVK"]

1. g3 d5 2. Bg2 g6 3. Nf3 Bg7 4. 0-0 e5 5. d3 Ne7 6. c4 d4 7. Ng5 0-0 8. f4 f6 9. Nf3 c5 10. fxe5 fxe5 1-0

[Event "SVK-chT2C 0708"]
[Site "Slovakia"]
[Date "2007.10.07"]
[Round "2.3"]
[White "Paluch, Jozef"]
[Black "Sorkovsky, Miroslav"]
[Result "0-1"]
[WhiteElo "2018"]
[BlackElo "2132"]
[PlyCount "60"]
[EventDate "2007.10.06"]
[EventType "team-tourn"]
[EventRounds "11"]
[EventCountry "SVK"]
[SourceTitle "EXT 2010"]
[Source "ChessBase"]
[SourceDate "2010.11.25"]
[SourceVersion "1"]
[SourceVersionDate "2010.11.25"]
[SourceQuality "1"]
[WhiteTeam "Zilina DMS"]
[BlackTeam "Banska Bystrica Junior"]
[WhiteTeamCountry "SVK"]
[BlackTeamCountry "SVK"]

1. Nf3 Nf6 2. g3 g6 3. Bg2 Bg7 4. c4 0-0 5. 0-0 d5 6. cxd5 Nxd5 7. Nc3 Nb6 8. d3 Nc6 9. Be3 h6 10. Qc1 Kh7 11. a4 a5 12. Rd1 e5 13. Bxb6 cxb6 14. Nb5 Be6 15. Nd2 h5 16. Nc4 Rc8 17. Ncd6 Nd4 18. Qe3 Rc2 19. Re1 Rxb2 20. Nxd4 exd4 21. Qf4 Bh6 22. Qxd4 Rb4 23. Qe5 Bg7 24. Nxb7 Bxe5 25. Nxd8 Rxd8 26. Rab1 Rc8 27. Be4 Ba2 28. Rbc1 Rxc1 29. Rxc1 Rb1 30. Rxb1 Bxb1 0-1

[Event "SVK-chT2C 0607"]
[Site "Slovakia"]
[Date "2007.03.18"]
[Round "11.2"]
[White "Listiak, Juraj"]
[Black "Paluch, Jozef"]
[Result "1-0"]
[WhiteElo "2073"]
[BlackElo "1980"]
[PlyCount "61"]
[EventDate "2006.10.14"]
[EventType "team-tourn"]
[EventRounds "11"]
[EventCountry "SVK"]
[SourceTitle "EXT 2019"]
[Source "ChessBase"]
[SourceDate "2018.10.10"]
[SourceVersion "1"]
[SourceVersionDate "2018.10.10"]
[SourceQuality "1"]
[WhiteTeam "Banska Bystrica Kurta"]
[BlackTeam "Zilina DMS"]
[WhiteTeamCountry "SVK"]
[BlackTeamCountry "SVK"]

1. e4 d5 2. exd5 Nf6 3. Nc3 Nxd5 4. Bc4 Nb6 5. Bb3 c5 6. d3 Nc6 7. Nf3 e5 8. Ng5 c4 9. dxc4 Qxd1+ 10. Kxd1 f6 11. Nge4 Bf5 12. Be3 Nd4 13. c5 Nd7 14. Nd6+ Bxd6 15. cxd6 Nc5 16. Bxd4 exd4 17. Nb5 Rd8 18. Re1+ Kf8 19. Re7 Nxb3 20. axb3 a6 21. Nc7 Rg8 22. Ne6+ Bxe6 23. Rxe6 Kf7 24. Re7+ Kg6 25. d7 f5 26. Kd2 Rgf8 27. Ra5 Kf6 28. Rae5 f4 29. Re4 h6 30. Re8 f3 31. gxf3 1-0

[Event "SVK-chT2C 0607"]
[Site "Slovakia"]
[Date "2007.03.17"]
[Round "10.1"]
[White "Paluch, Jozef"]
[Black "Demian, Milan"]
[Result "0-1"]
[WhiteElo "1980"]
[BlackElo "2031"]
[PlyCount "76"]
[EventDate "2006.10.14"]
[EventType "team-tourn"]
[EventRounds "11"]
[EventCountry "SVK"]
[SourceTitle "EXT 2019"]
[Source "ChessBase"]
[SourceDate "2018.10.10"]
[SourceVersion "1"]
[SourceVersionDate "2018.10.10"]
[SourceQuality "1"]
[WhiteTeam "Zilina DMS"]
[BlackTeam "Banska Bystrica TH Junior"]
[WhiteTeamCountry "SVK"]
[BlackTeamCountry "SVK"]

1. Nf3 Nf6 2. c4 g6 3. b3 Bg7 4. Bb2 0-0 5. g3 d5 6. Bg2 c6 7. 0-0 dxc4 8. bxc4 Qb6 9. Qc2 Bf5 10. d3 Na6 11. Nc3 Rad8 12. Rfb1 Nb4 13. Qb3 Ng4 14. Rf1 Na6 15. h3 Nf6 16. Na4 Qc7 17. Be5 Qc8 18. Rab1 b6 19. Nd4 Bd7 20. Nc3 Ne8 21. Bxg7 Kxg7 22. Qa3 Bxh3 23. Qxe7 Bxg2 24. Kxg2 Nf6 25. Nf3 Qd7 26. Qxd7 Rxd7 27. d4 Re8 28. e3 Re6 29. Rb3 Nc7 30. a4 Nce8 31. a5 bxa5 32. Ra1 Nd6 33. Ne5 Rc7 34. Rxa5 Nfe8 35. Rba3 Nc8 36. c5 f6 37. Nc4 Ree7 38. Rb3 Red7 0-1

[Event "SVK-chT2C 0607"]
[Site "Slovakia"]
[Date "2006.12.17"]
[Round "6.5"]
[White "Paluch, Jozef"]
[Black "Turcel, Jozef"]
[Result "0-1"]
[WhiteElo "1980"]
[BlackElo "2052"]
[PlyCount "80"]
[EventDate "2006.10.14"]
[EventType "team-tourn"]
[EventRounds "11"]
[EventCountry "SVK"]
[SourceTitle "EXT 2008"]
[Source "ChessBase"]
[SourceDate "2007.11.25"]
[SourceVersion "1"]
[SourceVersionDate "2007.11.25"]
[SourceQuality "1"]
[WhiteTeam "Zilina DMS"]
[BlackTeam "Zilina Mladost II"]
[WhiteTeamCountry "SVK"]
[BlackTeamCountry "SVK"]

1. Nf3 Nf6 2. c4 g6 3. b3 Bg7 4. Bb2 0-0 5. g3 d6 6. Bg2 e5 7. d3 Nc6 8. Nc3 Nh5 9. 0-0 f5 10. Qd2 f4 11. Nd5 g5 12. b4 g4 13. Ne1 Ne7 14. gxf4 Nxf4 15. Nxf4 Rxf4 16. d4 Rf5 17. dxe5 Bxe5 18. Bxe5 Rxe5 19. Nd3 Rf5 20. Be4 Rf6 21. Nf4 Qf8 22. Nd5 Nxd5 23. Bxd5+ Kh8 24. Qd4 c6 25. Bg2 Bf5 26. f3 g3 27. hxg3 Qg7 28. e4 Be6 29. f4 Rg8 30. f5 Bxc4 31. Qxc4 Qxg3 32. Qe2 Rh6 33. Rf3 Qe5 34. Rb1 Rh2 35. Rf2 Qg3 36. Qb2+ Rg7 37. Kf1 Qd3+ 38. Kg1 Qg3 39. Qe2 Qh4 40. Qf3 Rh1# 0-1